| 000 | 00795nam a2200241 a 4500 | ||
|---|---|---|---|
| 001 | 000007983 | ||
| 005 | 20200929154359.0 | ||
| 008 | 090914s1989 dr a r 000 0 spa d | ||
| 040 |
_aDO-SdBNP _bspa _cBNPHU |
||
| 082 |
_a635 _bS245o |
||
| 100 | 1 |
_aSarita Valdez, Victoriano _921828 |
|
| 245 | 1 | 0 |
_aOlericultura general y especial / _cVictoriano Sarita Valdez. |
| 260 |
_aSanto Domingo, : _bTaller, _c1989. |
||
| 300 |
_a464 p. : _bil ; _c23 cm. |
||
| 490 | 1 |
_aBiblioteca Taller _v275 |
|
| 504 | _aBibliografía : p. 454 | ||
| 590 | _aInventariado, 2018/BT | ||
| 650 | 4 |
_aHorticultura _91879 |
|
| 650 | 4 |
_aHortalizas _xCosecha _921829 |
|
| 700 | 1 |
_aViñas Cáceres, Manuel de Jesús, _epról. _921830 |
|
| 830 | 0 |
_aBiblioteca Taller _n275 _921831 |
|
| 910 | _aValidado. Control de calidad. MMOLINA | ||
| 999 |
_c7760 _d7760 |
||